Maria madre del Signore (libretto, cassetta e 45 diapositive)-Seconda parte (Record n. 102566)

Dettagli MARC
000 -LEADER
fixed length control field 01357njm a2200325Ia 4500
001 - CONTROL NUMBER
control field 69193
003 - CONTROL NUMBER IDENTIFIER
control field IT-RoPAU
005 - DATE AND TIME OF LATEST TRANSACTION
control field 20220918181156.0
008 - FIXED-LENGTH DATA ELEMENTS--GENERAL INFORMATION
fixed length control field 131025s9999 xx 000 0 und d
040 ## - CATALOGING SOURCE
Original cataloging agency IT-RoPAU
040 ## - CATALOGING SOURCE
Transcribing agency IT-RoPAU
041 ## - LANGUAGE CODE
Language code of text/sound track or separate title ITALIANO
999 ## - SYSTEM CONTROL NUMBERS (KOHA)
Koha Dewey Subclass [OBSOLETE] n.d.
100 ## - MAIN ENTRY--PERSONAL NAME
Personal name Musso Adelmo
9 (RLIN) 23986
100 ## - MAIN ENTRY--PERSONAL NAME
Relator term Autore musica
9 (RLIN) 23987
100 ## - MAIN ENTRY--PERSONAL NAME
Miscellaneous information Codice autore musica SPICS: 20012
9 (RLIN) 23988
245 ## - TITLE STATEMENT
Title Maria madre del Signore (libretto, cassetta e 45 diapositive)-Seconda parte
250 ## - EDITION STATEMENT
Edition statement 1a ed.
260 ## - PUBLICATION, DISTRIBUTION, ETC. (IMPRINT)
Place of publication, distribution, etc. ROMA
260 ## - PUBLICATION, DISTRIBUTION, ETC. (IMPRINT)
Name of publisher, distributor, etc. EP - CENTRO CATECHISTICO
Date of publication, distribution, etc. 1988 [1a Ed.:1988 - Ed. Lingua Orig.: 1988]
300 ## - PHYSICAL DESCRIPTION
Extent DIAPOMONTAGGIO
300 ## - PHYSICAL DESCRIPTION
Dimensions (Testo: 46 pag.)
500 ## - GENERAL NOTE
General note Diapomontaggio catechistico sonorizzato. Itinerari di catechesi per bambini, ragazzi e adulti. Visualizzazione dei Vangeli di alcune feste liturgiche. Proposte per la preghiera del rosario. Schema per vivere un mese mariano
505 ## - FORMATTED CONTENTS NOTE
Formatted contents note Brani biblici e liturgici riferiti ai Misteri dolorosi e gloriosi
511 ## - PARTICIPANT OR PERFORMER NOTE
Participant or performer note Gifuni Noemi, Lori Alberto
650 ## - SUBJECT ADDED ENTRY--TOPICAL TERM
Topical term or geographic name as entry element CATECHESI [DIAPOMONTAGGIO SONORIZZATO]
Relator term Codice MATERIA SPICS: 9971
9 (RLIN) 23989
700 ## - ADDED ENTRY--PERSONAL NAME
Personal name Battistella Bruna
Relator term Autore testo e musica
Miscellaneous information Codice autore testo/musica SPICS: 19969
9 (RLIN) 23990
700 ## - ADDED ENTRY--PERSONAL NAME
Personal name Quaglini Giuliana Agnes
Relator term Autore
Miscellaneous information Codice autore SPICS: 2271
9 (RLIN) 23991
942 ## - ADDED ENTRY ELEMENTS (KOHA)
Koha item type DIAPOSITIVE
Source of classification or shelving scheme Dewey Decimal Classification
Dati di copia
Withdrawn status Lost status Damaged status Not for loan Home library Current library Date acquired Total Checkouts Full call number Date last seen Price effective from Koha item type Public note
    Buone Condizioni Not For Loan SPICS-MEDIATECA SPICS-MEDIATECA 25/10/2013   69193 25/10/2013 25/10/2013 DIAPOSITIVE Progr. Ins.: 16639 / N.Vol.: 1 / Copie: 1 - Copia rara: n.d. / date import: 01.01.2014 - By Epidotti, Trombetti, Vaglietti
CREDITS: SOCIETA' SAN PAOLO Via A.Severo, 58 - ROMA (RM) & PERIODICI SAN PAOLO SRL Via Giotto, 36 MILANO & CISF Via Giotto, 36 MILANO & EDIZIONI SAN PAOLO SRL,  Piazza Soncino, 5 CINISELLO BALSAMO (MI) -- ITALY